High angular resolution stellar interferometry (Record no. 6404)

MARC details
000 -LEADER
fixed length control field 00637nam a2200205Ia 4500
003 - CONTROL NUMBER IDENTIFIER
control field IN-BaIIA
008 - FIXED-LENGTH DATA ELEMENTS--GENERAL INFORMATION
fixed length control field 211028s9999 xx 000 0 eng d
020 ## - INTERNATIONAL STANDARD BOOK NUMBER
International Standard Book Number 0-909203-75-X
040 ## - CATALOGING SOURCE
Transcribing agency IIA Library
080 ## - UNIVERSAL DECIMAL CLASSIFICATION NUMBER
Universal Decimal Classification number 082.2:52
Item number IAU-C50
100 ## - MAIN ENTRY--PERSONAL NAME
Personal name Tango, W. J.
9 (RLIN) 10985
245 #0 - TITLE STATEMENT
Title High angular resolution stellar interferometry
Statement of responsibility, etc. William J ango and John Davis
260 ## - PUBLICATION, DISTRIBUTION, ETC.
Place of publication, distribution, etc. Australia
Name of publisher, distributor, etc. Chatterton Astronomy Department
Date of publication, distribution, etc. 1979
300 ## - PHYSICAL DESCRIPTION
Extent [various pagings.]
650 ## - SUBJECT ADDED ENTRY--TOPICAL TERM
Topical term or geographic name entry element Astronomy and astrophysics thesaurus
650 ## - SUBJECT ADDED ENTRY--TOPICAL TERM
Topical term or geographic name entry element Interferometry
9 (RLIN) 3249
650 ## - SUBJECT ADDED ENTRY--TOPICAL TERM
Topical term or geographic name entry element Stellar interferometry
9 (RLIN) 10986
700 ## - ADDED ENTRY--PERSONAL NAME
Personal name Davis, J
9 (RLIN) 10987
942 ## - ADDED ENTRY ELEMENTS (KOHA)
Koha item type Books
Holdings
Withdrawn status Lost status Damaged status Not for loan Home library Current library Shelving location Date acquired Total Checkouts Full call number Barcode Date last seen Price effective from Koha item type
        IIA Library-Bangalore IIA Library-Bangalore General Stacks 19/11/1979   082.2:52/ IAU-C50 7130 05/11/2021 19/11/1979 Books

Powered by Koha